000 01817nam0a2200361 4500
001 RU\NLR\bibl\1162298
005 20260407055945.0
010 _a5-230-04965-0
_9250
021 _aRU
_b2007-62413
_93333
035 _a(NLR Aleph) 001149043
090 _a1465833
_c1465833
100 _a20071203d2007 |||y0rusy50 ca
101 0 _arus
102 _aRU
105 _aa |||||||||
200 1 _aСвойства элементов VII и VIII групп периодической системы Д.И. Менделеева
_eучебное пособие
_fФедерал. агентство по образованию, Волж. политехн. ин-т (фил.) Волгогр. гос. техн. ун-та
_e[Жохова О.К., Романова М.Ю.]
210 _aВолгоград
_cПолитехник
_d2007
215 _a74 с.
_cил.
_d20
300 _aНа обл. авт.: О.К. Жохова, М.Ю. Романова
320 _aБиблиогр.: с. 74 (10 назв.)
606 1 _aХимические элементы седьмой группы
_jУчебные издания для высших учебных заведений
_91586172
_3RU\NLR\auth\66696653
606 1 _aХимические элементы восьмой группы
_jУчебные издания для высших учебных заведений
_91280156
_3RU\NLR\auth\66527949
686 _aГ128я73-1
686 _aГ127я73-1
702 1 _aЖохова
_bО. К.
_gОльга Кузьмининчна
_4220
712 0 2 _4570
_aВолжский политехнический институт
_9551523
_3RU\NLR\AUTH\8810026667
801 0 _aRU
_bNLR
_c20071203
_gRCR
801 1 _aRU
_bNLR
_c20071203
830 _aсост. по кн.
942 _cBOOK
980 _aNB
980 _aNBR